000
00182 a2200085 4500
041
_a
spa
100
_a
Burgues, Roser
245
_a
El Senor o y la senorita i se hacen amigos
942
_c
BK
999
_c
8654
_d
8654